000 00277nam a2200085Ia 4500
245 0 _aKaroo keepsakes : a traveller's companion to the heartland of South Africa
100 _a MARAIS, Chris Cradock, 2009
_991608
942 _cBK
008 210817s9999 xx 000 0 und d
999 _c371751
_d371750